Influence of silt pits on conservation of soil, nutrients and moisture in a mature rubber plantation (Record no. 51542)

MARC details
000 -LEADER
fixed length control field 00550nam a2200193Ia 4500
100 ## - MAIN ENTRY--AUTHOR NAME
Personal name George S.
245 #0 - TITLE STATEMENT
Title Influence of silt pits on conservation of soil, nutrients and moisture in a mature rubber plantation
260 ## - PUBLICATION, DISTRIBUTION, ETC. (IMPRINT)
Name of publisher Indian Journal of Natural Rubber Research
Year of publication 2002
300 ## - PHYSICAL DESCRIPTION
Number of Pages 14-18
650 ## - SUBJECT ADDED ENTRY--TOPICAL TERM
Topical Term Nutrient
650 ## - SUBJECT ADDED ENTRY--TOPICAL TERM
Topical Term Silt pit
650 ## - SUBJECT ADDED ENTRY--TOPICAL TERM
Topical Term Soil conservation
700 ## - ADDED ENTRY--PERSONAL NAME
Personal name Jessy M.D.
700 ## - ADDED ENTRY--PERSONAL NAME
Personal name John J.[a]
700 ## - ADDED ENTRY--PERSONAL NAME
Personal name Philip A.
700 ## - ADDED ENTRY--PERSONAL NAME
Personal name Punnoose K.I.
942 ## - ADDED ENTRY ELEMENTS (KOHA)
Koha item type Bibliography STAF
Holdings
Withdrawn status Lost status Damaged status Not for loan Home library Current library Shelving location Date acquired Serial Enumeration / chronology Koha item type
      Bibliography RRII Library RRII Library Soils and agonomy 09/04/2014 Volume 15, Issue 1 Bibliography STAF